Introduction to the microcomputers and its applications : Wordstar

Bibliographic Details
Main Author: Chien, Chao C
Format: Book
Published: Illinois : Irwin , 1990
Edition:2nd edition
Subjects:

MARC

LEADER 00000cam a2200000 7i4500
001 0000005099
002 000005505
005 20000330.0
020 |a 0256088241 
090 0 0 |a 652.5   |b CHI 
100 1 |a Chien, Chao C 
245 0 0 |a Introduction to the microcomputers and its applications :   |b Wordstar   |c Chao C.Chien 
250 |a 2nd edition 
260 |a Illinois :   |b Irwin ,   |c 1990 
300 |a 124 p. ;   |c 25 cm. 
650 0 0 |a Microcomputers 
650 0 0 |a WordStar(Computer program) 
999 |a 037599   |b BUKU   |c PINJAMAN   |e PERPUSTAKAAN KOMUNITI PETALING JAYA 
999 |a 037600   |b BUKU   |c PINJAMAN   |e PERPUSTAKAAN KOMUNITI PETALING JAYA